Every Marvel Film And TV Show Widely Released - Statistics

General Stats
  • This quiz has been taken 1,714 times
    5 since last reset
  • The average score is 30 of 135
Answer Stats
Franchise / Studio US Release / Stream Date Runtime for Movies and Shows + Episodes for Shows Type Answer 3000 % Correct
MCU Phase 2 / Infinity Saga July 22nd 2015 One Hour 58 Minutes Disney Origin Movie Ant-Man
100%
MCU Phase 2 / Infinity Saga May 1st 2015 Two Hours 22 Minutes Disney Ultimate Team-Up Sequel Movie Avengers: Age Of Ultron
100%
MCU Phase 3 / Infinity Saga April 27th 2018 Two Hours 40 Minutes Disney Ultimate Team-Up Sequel Movie Avengers: Infinity War
100%
MCU Phase 3 / Infinity Saga February 16th 2018 Two Hours 15 Minutes Disney Origin Movie Black Panther
100%
MCU Phase 3 / Infinity Saga May 6th 2016 Two Hours 28 Minutes Disney Ultimate Team-Up Sequel Movie Captain America: Civil War
100%
MCU Phase 1 / Infinity Saga July 22nd 2011 Two Hours 4 Minutes Disney Origin Movie (Paramount) Captain America: The First Avenger
100%
MCU Phase 2 / Infinity Saga April 4th 2014 Two Hours 16 Minutes Disney Sequel Movie Captain America: The Winter Soldier
100%
MCU Phase 3 / Infinity Saga November 4th 2016 One Hour 55 Minutes Disney Origin Movie Doctor Strange
100%
MCU Phase 2 / Infinity Saga August 1st 2014 Two Hours 5 Minutes Disney Team-Up Origin Movie Guardians Of The Galaxy
100%
MCU Phase 3 / Infinity Saga May 5th 2017 Two Hours 18 Minutes Disney Team-Up Sequel Movie Guardians Of The Galaxy Vol. 2
100%
MCU Phase 1 / Infinity Saga May 2nd 2008 Two hours 6 Minutes Disney Origin Movie (Paramount) Iron Man
100%
MCU Phase 1 / Infinity Saga May 7th 2010 Two Hours 4 Minutes Disney Sequel Movie (Paramount) Iron Man 2
100%
MCU Phase 2 / Infinity Saga May 3rd 2013 Two Hours 11 Minutes Disney Sequel Movie Iron Man 3
100%
MCU Phase 1 / Infinity Saga May 4th 2012 Two Hours 24 Minutes Disney Team-Up Origin Movie Marvel's The Avengers
100%
MCU Phase 3 / Franchise 3 (Marvel Studios) / Infinity Saga July 7th 2017 Two Hours 13 Minutes Sony Origin (Disney) Movie Spider-Man Homecoming
100%
MCU Phase 1 / Infinity Saga June 13th 2008 Two Hours 15 Minutes Disney Origin Movie (Universal) The Incredible Hulk
100%
MCU Phase 1 / Infinity Saga May 6th 2011 One Hour 55 Minutes Disney Origin Movie (Paramount) Thor
100%
MCU Phase 3 / Infinity Saga November 3rd 2017 Two Hours 10 Minutes Disney Sequel Movie Thor: Ragnarok
100%
MCU Phase 2 / Infinity Saga November 8th 2013 One Hour 52 Minutes Disney Sequel Movie Thor: The Dark World
100%
MCU Phase 3 / Infinity Saga July 6th 2018 Two Hours 5 Minutes Disney Sequel Movie Ant-Man And The Wasp
67%
MCU Phase 3 / Infinity Saga April 26th 2019 Three Hours 2 Minutes Disney Ultimate Team-Up Sequel Movie Avengers: Endgame
67%
MCU Phase 4 / Multiverse Saga July 9th 2021: Premier Access Two Hours 14 Minutes Disney Origin Prequel Movie Black Widow
67%
MCU Phase 3 / Infinity Saga March 8th 2019 Two Hours 5 Minutes Disney Origin Movie Captain Marvel
67%
MCU Phase 4 / Multiverse Saga Premier: November 24th 2021 Finale: December 22nd 2021 Six Long Form Episodes Disney+ (Marvel Television) Spin-Off Show Hawkeye
67%
MCU Phase 4 (Season One)MCU Phase 5 (Season Two) / Multiverse Saga First Season: Premier: June 9th 2021
Finale: July 14th 2021
Second Season: Premier: October 5th 2023 Finale: November 9th 2023
Six Long Form Episodes Per Season Disney+ (Marvel Television) Off-Shoot Show Loki
67%
MCU Phase 4 / Multiverse Saga Premier: June 8th 2022
Finale: July 13th 2022
Six Long Form Episodes Disney+ (Marvel Television) Origin Show Ms. Marvel
67%
MCU Phase 4 / Multiverse Saga September 3rd 2021 Two Hours 12 Minutes Disney Origin Movie Shang-Chi And The Legend Of The Ten Rings
67%
MCU Phase 3 / Franchise 3 (Marvel Studios) / Infinity Saga July 2nd 2019 Two Hours 9 Minutes Sony Sequel (Disney) Movie Spider-Man: Far From Home
67%
MCU Phase 4 / Franchise 3 (Marvel Studios) / Multiverse Saga / Franchise 1 (Raimi) / Franchise 2 (Webb) / SSU December 17th 2021 Two Hours 28 Minutes Sony Ultimate Ultimate Team-Up Sequel (Disney) Movie Spider-Man: No Way Home
67%
MCU Phase 4 / Multiverse Saga First Two Episodes / Premier: January 15th 2021
Finale: March 5th 2021
Nine Short Form Episodes Disney+ (Marvel Television) Team-Up Show WandaVision
67%
MCU Phase 5 / Multiverse Saga February 17th 2023 Two Hours 5 Minutes Disney Team-Up Sequel Movie Ant-Man And The Wasp: Quantumania
33%
MCU Phase 4 / Multiverse Saga November 11th 2022 Two Hours 41 Minutes Disney Team-Up Sequel Movie Black Panther: Wakanda Forever
33%
Franchise 6 (Spin-Off Series 2) / MCU Phase 5 / Multiverse Saga July 26th 2024 Two Hours 7 Minutes Disney Ultimate Team-Up Sequel Movie (20th Century Studios) Deadpool & Wolverine
33%
MCU Phase 4 / Multiverse Saga May 6th 2022 Two Hours 6 Minutes Disney Ultimate Ultimate Team-Up Sequel Movie Doctor Strange In The Multiverse Of Madness
33%
MCU Phase 4 / Multiverse Saga November 5th 2021 Two Hours 37 Minutes Disney Team-Up Origin Movie Eternals
33%
MCU Phase 5 / Multiverse Saga May 5th 2023 Two Hours 29 Minutes Disney Team-Up Sequel Movie Guardians Of The Galaxy Vol.3
33%
MCU Phase 5 / Multiverse Saga Premier: June 21st 2023Finale: July 26th 2023 Six Long Form Episodes Disney+ (Marvel Television) Team-Up Show Secret Invasion
33%
MCU Phase 4 / Multiverse Saga First Episode / Premier: March 19th 2021
Finale: April 23rd 2021
Six Long Form Episodes Disney+ (Marvel Television) Team-Up Show The Falcon And The Winter Soldier
33%
MCU Phase 4 / Multiverse Saga November 25th 2022 A Marvel Studios Special Presentation Disney+ Team-Up Sequel Christmas Special Presentation Show The Guardians Of The Galaxy Holiday Special
33%
MCU Phase 5 / Multiverse Saga November 10th 2023 One Hour 45 Minutes Disney Team-Up Sequel Movie The Marvels
33%
MCU Phase 4 / Multiverse Saga July 8th 2022 One Hour 59 Minutes Disney Ultimate Team-Up Sequel Movie Thor: Love And Thunder
33%
Marvel Animated Multiverse / MCU Phase 4 (Season One)MCU Phase 5 (Seasons Two & Three) / Multiverse Saga First Season: Premier: August 11th 2021
Finale: October 6th 2021
Second Season: Premier: December 22nd 2023 Finale: December 30th 2023 Third Season: Premier: December 22nd 2024 Finale: December 29th 2024
Seasons One & Two: Nine Short Form EpisodesSeason Three: Eight Short Form Episodes Disney+ (Marvel Animation) Animated Show What If...?
33%
MCU Phase 5 / Multiverse Saga Premier: September 18th 2024Finale: October 30th 2024 Nine Medium Form Episodes Marvel Television Spin-Off (Sequel) Show Agatha All Along
0%
Show 2 Premiered: January 6th 2015 Season 1: 8 EpisodesSeason 2: 10 Episodes ABC Origins Spin-Off Show Agent Carter
0%
Show 1 Premiered: September 24th 2013 Seasons 1-5: 22 EpisodesSeasons 6+7: 13 Episodes ABC Origins Spin-Off Show Agents Of S.H.I.E.L.D
0%
Show 4 Premiered: May 26th 2013 Season 1,2 & 4: 26 EpisodesSeason 3: 26 Episodes + 6 Shorts Season 5: 23 Episodes Disney XD Animated Team-Up Show Avengers Assemble
0%
MCU Phase 6 / Franchise 1 (Main Series) / Franchise 6 (Spin-Off Series 2) / Multiverse Saga December 18th 2026 TBC Disney Ultimate Ultimate Ultimate Team-Up Sequel Movie Avengers: Doomsday
0%
MCU Phase 6 / Multiverse Saga December 17th 2027 TBC Disney Ultimate Ultimate Ultimate Ultimate Team-Up Sequel Movie Avengers: Secret Wars
0%
Movie 1 August 21st 1998 Two Hours New Line Cinema Origin Movie Blade
0%
Movie 2 March 22nd 2002 One Hour 57 Minutes New Line Cinema Sequel Movie Blade II
0%
Movie 3 December 8th 2004 One Hour 53 Minutes New Line Cinema Sequel Movie Blade: Trinity
0%
MCU Phase 5 / Multiverse Saga February 14th 2025 Two Hours 4 Minutes Disney Sequel Movie Captain America: Brave New World
0%
Show 1 Premiered: June 7th 2018 Two X 10 Episode Seasons Freeform Origins Show Cloak & Dagger
0%
Show 1 Premiered: April 10th 2015 Three X 13 Episode Seasons Netflix Origin Show Daredevil
0%
Movie 1 February 14th 2003 One Hour 43 Minutes 20th Century Fox Origin Movie Daredevil
0%
MCU Phase 5 (Season One)MCU Phase 6 (Seasons Two & Three) / Multiverse Saga Season One Premier: March 4th 2025Season One Finale: April 15th 2025 Season Two Premier: March 24th 2026 Season Two Finale: May 5th 2026 Season Three: Premier: March 2027 Finale: April / May 2027 Season One: Nine Long Form EpisodesSeason Two: Eight Long Form Episodes Season Three: TBC Long Form Episodes Marvel Television Sequel Show Daredevil: Born Again
0%
Franchise 6 (Spin-Off Series 2) February 12th 2016 One Hour 49 Minutes FOX Team-Up Origin Movie Deadpool
0%
Franchise 6 (Spin-Off Series 2) May 18th 2018 Two Hours 14 Minutes FOX Team-Up Sequel Movie Deadpool 2
0%
Franchise 6 (Spin-Off Series 2) / MCU Phase 5 / Multiverse Saga July 24th 2024 TBC Disney Team-Up Sequel Movie (20th Century Studios) Deadpool & Wolverine
0%
MCU Phase 5 / Multiverse Saga All Episodes: January 10th 2024 Five Long Form Episodes Disney+ (Marvel Television) Spotlight Spin-Off Show Echo
0%
Movie 2 January 14th 2005 One Hour 37 Minutes 20th Century Fox Origin / Spin-Off Movie Elektra
0%
MCU Phase 6 / Multiverse Saga All Episodes: August 1st 2025 Four Short Form Episodes Marvel Animation Prequel Origins Show Eyes Of Wakanda
0%
20th Century FOX Franchise 5 August 7th 2015 One Hour 47 Minutes FOX Team-Up Origin Movie FANT4STIC
0%
Franchise 2 July 8th 2005 Two Hours 5 Minutes FOX Team-Up Origin Movie Fantastic Four
0%
Franchise 2 June 15th 2007 One Hour 32 Minutes FOX Team-Up Sequel Movie Fantastic Four: Rise Of The Silver Surfer
0%
Movie 1 February 16th 2007 One Hour 50 Minutes Columbia Origin Movie Ghost Rider
0%
Movie 2 February 17th 2012 One Hour 35 Minutes Columbia Sequel Movie Ghost Rider: Spirit Of Vengeance
0%
Show 6 Premiered (Shorts):August 1st 2015 Premiered (Season One): September 5th 2015 11 ShortsSeason 1: 27 Episodes Seasons 2 & 3: 26 Episodes Disney XD Animated Team-Up Origin Show Guardians Of The Galaxy
0%
Show 2 Premiered: October 16th 2020 One 10 Episode Season Hulu Origins Show Helstrom
0%
Show 3 Premiered: November 17th 2021 Two X 10 Episodes Seasons Hulu Animated Show Hit-Monkey
0%
Movie 1 August 1st 1986 One Hour 51 Minutes Universal / Lucasfilm Origin Movie Howard The Duck
0%
Movie 2 June 20th 2003 Two Hours 18 Minutes Universal Origin Movie Hulk
0%
Show 5 Premiered: August 11th 2013 Two X 26 Episode Seasons Disney XD Animated Team-Up Show Hulk And The Agents Of S.M.A.S.H
0%
MCU Phase 4 (Season One) MCU Phase 5 (Season Two) / Multiverse Saga Season 1 All Episodes: August 10th 2022Season 2 All Episodes: September 6th 2023 Five Shorts Per Season Disney+ (Marvel Animation) Animated Spin-Off Shorts Show I Am Groot
0%
Show 3 Premiered: September 29th 2017 One 8 Episode Season ABC Origins Show Inhumans
0%
Show 4 Premiered: March 17th 2017 Season 1: 13 EpisodesSeason 2: 10 Episodes Netflix Origin Show Iron Fist
0%
MCU Phase 5 / Multiverse Saga Premier: June 24th 2025Finale: July 1st 2025 Six Long Form Episodes Marvel Television Spin-Off Show Ironheart
0%
Show 2 Premiered: November 20th 2015 Three X 13 Episode Seasons Netflix Origin Show Jessica Jones
0%
Sony’s Spider-Man Universe December 13th 2024 Two Hours 7 minutes Sony Origin Movie Kraven The Hunter
0%
Franchise 3 (Spin-Off Series 1) March 3rd 2017 Two Hours 21 Minutes FOX Sequel Movie Logan
0%
Show 3 Premiered: September 30th 2016 Two X 13 Episode Seasons Netflix Origin Show Luke Cage
0%
Sony’s Spider-Man Universe February 16th 2024 One Hour 54 Minutes Sony Origin Movie Madame Web
0%
Show 7 Premiered (Shorts):June 28th 2017 Premiered (Season One): August 19th 2017 6 ShortsSeasons 1 & 2: 26 Episodes Season 3: 6 Episodes Disney XD Animated Show Marvel's Spider-Man
0%
MCU Phase 6 / Multiverse Saga Season One: All Episodes: September 24th 2025 Season Two: 2027* Four Short Form Episodes Marvel Animation Team-Up Spin-Off Show Marvel Zombies
0%
MCU Phase 4 / Multiverse Saga Premier: March 30th 2022Finale: May 4th 2022 Six Long Form Episodes Disney+ (Marvel Television) Origin Show Moon Knight
0%
Sony’s Spider-Man Universe April 1st 2022 One Hour 48 Minutes Sony Origin Movie Morbius
0%
Movie 2 December 5th 2008 One Hour 43 Minutes Lionsgate Sequel Movie Punisher: War Zone
0%
Show 1 Premiered: November 21st 2017 Season 1+3: 10 EpisodesSeason 2: 13 Episodes Hulu Origins Show Runaways
0%
MCU Phase 4 / Multiverse Saga Premier: August 18th 2022Finale: October 13th 2022 Nine Short Form Episodes Disney+ (Marvel Television) Origin Show She-Hulk: Attorney At Law
0%
Show 3 Premiered: February 7th 1998 One 13 Episode Season FOX Kids Animated Origins Show Silver Surfer
0%
Franchise 1 (Raimi) May 3rd 2002 Two Hours 1 Minute Sony Origin Movie Spider-Man
0%
Show 2 Premiered:November 19th 1994 Five Seasons, 65 Episodes FOX Kids Animated Origins Show Spider-Man
0%
Franchise 1 (Raimi) June 30th 2004 Two Hours 15 Minutes Sony Sequel Movie Spider-Man 2
0%
Franchise 1 (Raimi) May 4th 2007 Two Hours 36 Minutes Sony Sequel Movie Spider-Man 3
0%
Animated Sony’s Spider-Man Universe June 2nd 2023 Two Hours 20 Minutes Sony Animated Ultimate Ultimate Team-Up Sequel Movie Spider-Man: Across The Spider-Verse
0%
Animated Sony’s Spider-Man Universe June 18th 2027 TBC Sony Animated Ultimate Ultimate Team-Up Sequel Movie Spider-Man: Beyond The Spider-Verse
0%
MCU Phase 6 / Franchise 3 (Marvel Studios) / Multiverse Saga July 31st 2026 TBC Sony (Disney) Sequel Movie Spider-Man: Brand New Day
0%
MCU Phase 6 / Multiverse Saga / Franchise 3 (Watts) July 31st 2026 TBC Sony Sequel (Disney) Movie Spider-Man: Brand New Day
0%
MCU Phase 3 / Franchise 3 (Watts) / Infinity Saga July 2nd 2019 Two Hours 9 Minutes Sony Sequel (Disney) Movie Spider-Man: Far From Home
0%
MCU Phase 3 / Franchise 3 (Watts) / Infinity Saga July 7th 2017 Two Hours 13 Minutes Sony Origin (Disney) Movie Spider-Man: Homecoming
0%
Animated Sony’s Spider-Man Universe December 14th 2018 One Hour 56 Minutes Sony Animated Ultimate Team-Up Origin Movie Spider-Man: Into The Spider-Verse
0%
MCU Phase 4 / Franchise 3 (Watts) / Multiverse Saga / Franchise 1 (Raimi) / Franchise 2 (Webb) / SSU December 17th 2021 Two Hours 28 Minutes Sony Ultimate Ultimate Team-Up Sequel (Disney) Movie Spider-Man: No Way Home
0%
Show 4 Premiered:October 2nd 1999 One 13 Episode Season FOX Kids Animated Sequel Show Spider-Man Unlimiited
0%
Sony’s Spider-Man Universe All Episodes: May 27th 2026 Eight Episodes Sony (Amazon Prime) Origin Show Spider-Noir
0%
Franchise 2 (Webb) July 3rd 2012 Two Hours 33 Minutes Sony Origin Movie The Amazing Spider-Man
0%
Franchise 2 (Webb) May 2nd 2014 Two Hours 22 Minutes Sony Sequel Movie The Amazing Spider-Man 2
0%
Show 2 Premiered Online: September 22nd 2010 20 Episode Micro-Season followed by Two X 26 Episode Seasons Disney XD Animated Team-Up Show The Avengers: Earth's Mightiest Heroes
0%
Show 5 Premiered: October 30th 1999 One 13 Episode Season FOX Kids Animated Team-Up Show The Avengers: United They Stand
0%
Show 5 Premiered: August 18th 2017 One 8 Episode Season Netflix Team Up Show The Defenders
0%
MCU Phase 6 / Multiverse Saga July 25th 2025 One Hour 54 Minutes Disney Team-Up Origin Movie The Fantastic Four: First Steps
0%
MCU Phase 5 / Multiverse Saga May 2nd 2025 Two Hours 6 Minutes Disney Sequel Team-Up Origin Movie *The New Avengers (Thunderbolts*)
0%
Franchise 7 (Spin-Off Series 3) August 28th 2020 One Hour 39 Minutes FOX Team-Up Origin Movie (20th Century Studios) The New Mutants
0%
Show 6 Premiered: November 17th 2017 Two X 13 Episode Seasons Netflix Origin Spin-Off Show The Punisher
0%
Movie 1 April 16th 2004 Two Hours 3 Minutes Lionsgate Origin Movie The Punisher
0%
MCU Phase 6 / Multiverse Saga May 12th 2026 A Marvel Television Special Presentation Marvel Television Special Presentation Spin-Off The Punisher: One Last Kill
0%
Show 1 Premiered:March 8th 2008 Two X 13 Episode Seasons DIsney XD (Originally CW) Animated Show The Spectacular Spider-Man
0%
Franchise 3 (Spin-Off Series 1) July 26th 2013 Two Hours 18 Minutes FOX Sequel Movie The Wolverine
0%
Show 3 Premiered:April 1st 2012 Four X 26 Episode Seasons Disney XD Animated Show Ultimate Spider-Man
0%
Sony’s Spider-Man Universe October 5th 2018 Two Hours 20 Minutes Sony Origin Movie Venom
0%
Sony’s Spider-Man Universe October 1st 2021 One Hour 37 Minutes Sony Sequel Movie Venom: Let There Be Carnage
0%
Sony’s Spider-Man Universe October 25th 2024 One Hour 49 Minutes Sony Sequel Movie Venom: The Last Dance
0%
MCU Phase 6 / Multiverse Saga Premier: Late 2026Finale: Late 2026 Eight Episodes Marvel Television Sequel Show Vision
0%
MCU Phase 4 / Multiverse Saga October 7th 2022 A Marvel Studios Special Presentation Disney+ Halloween Special Presentation Show Werewolf By Night
0%
MCU Phase 6 / Multiverse Saga Season One: All Episodes: January 27th 2026 Season Two: 2027* Eight Medium Form Episodes Marvel Television Spotlight show Wonder Man
0%
Franchise 1 (Main Series) May 2nd 2003 Two Hours 14 Minutes FOX Team-Up Sequel Movie X2: X-Men United
0%
Franchise 1 (Main Series) July 14th 2000 One Hour 44 Minutes FOX Team-Up Origin Movie X-Men
0%
Show 1 Premiered: October 31st 1992 Five Seasons, 76 Episodes FOX Kids Animated Team-Up Show X-Men
0%
Marvel Animation / Multiverse Saga (Seasons One, Two & Three) Season One Premier: March 20th 2024Season One Finale: May 15th 2024 Season Two Premier: Summer 2026 Season Two Finale: Summer 2026 Season Three Premier: 2027 Season Three Finale: 2027 Ten Short Form Episodes Per Season Marvel Animation Team-Up Revival Sequel Show X-Men ‘97
0%
Franchise 4 (Prequel Series) May 27th 2016 Two Hours 27 Minutes FOX Team-Up Sequel Movie X-Men: Apocalypse
0%
Franchise 4 (Prequel Series) June 7th 2019 One Hour 54 Minutes FOX Team-Up Sequel Movie (20th Century Studios) X-Men: Dark Phoenix
0%
Franchise 4 (Prequel Series) May 23rd 2014 Two Hours 31 Minutes FOX Ultimate Team-Up Sequel Movie X-Men: Days Of Future Past
0%
Franchise 4 (Prequel Series) June 3rd 2011 Two Hours 12 Minutes FOX Team-Up Sequel Movie X-Men: First Class
0%
Franchise 3 (Spin-Off Series 1) May 1st 2009 One Hour 59 Minutes FOX Origin Movie X-Men Origins: Wolverine
0%
Franchise 1 (Main Series) May 26th 2006 One Hour 44 Minutes FOX Team-Up Sequel Movie X-Men: The Last Stand
0%
MCU Phase 5 (Season One)MCU Phase 6 (Season Two) / Multiverse Saga Season OnePremier: January 29th 2025
Season One Finale: February 19th 2025
Season Two Premier: Fall 2026 Season Two Finale: Fall 2026 Season Three Premier: TBC Season Three Finale: TBC
Ten Short Form Episodes Marvel Animation Origin/Spin-Off Show Your Friendly Neighborhood Spider-Man
0%
No matching quizzes found
Score Distribution
Percent of People with Each Score
Percentile by Number Answered
Your Score History
You have not taken this quiz since the last reset